Conflits, puissances et stratégies en Europe <Le> dégel d'un continent
Guardado en:
| Autor principal: | |
|---|---|
| Formato: | Libro |
| Lenguaje: | francés |
| Publicado: |
Bruxelles
Établissements Émile Bruylant
1992
|
| Edición: | 1. éd. |
| Colección: | ORGANISATION INTERNATIONALE ET RELATIONS INTERNATIONALES
23 |
| Materias: | |
| Etiquetas: |
Sin Etiquetas, Sea el primero en etiquetar este registro!
|
MARC
| LEADER | 00000nam a2200000 4500 | ||
|---|---|---|---|
| 001 | c002142 | ||
| 005 | 20221221080058.4 | ||
| 020 | |a 2-8027-0530-X | ||
| 041 | 0 | |a fre | |
| 044 | |a BE | ||
| 245 | 1 | 0 | |a Conflits, puissances et stratégies en Europe |b <Le> dégel d'un continent |c Dominique David |
| 250 | |a 1. éd. | ||
| 264 | 1 | |a Bruxelles |b Établissements Émile Bruylant |c 1992 | |
| 300 | |a 213 s. | ||
| 490 | 1 | |a ORGANISATION INTERNATIONALE ET RELATIONS INTERNATIONALES |v 23 | |
| 830 | 0 | |a ORGANISATION INTERNATIONALE ET RELATIONS INTERNATIONALES |v 23 | |
| 610 | 2 | 0 | |a Európa |
| 610 | 2 | 0 | |a bezpečnosť európska |
| 610 | 2 | 0 | |a politika zahraničná |
| 610 | 2 | 0 | |a konflikty |
| 610 | 2 | 0 | |a politika mierová |
| 610 | 2 | 0 | |a spolupráca hospodárska medzinárodná |
| 610 | 2 | 0 | |a USA |
| 610 | 2 | 0 | |a ZSSR |
| 610 | 2 | 0 | |a kultúra |
| 610 | 2 | 0 | |a ochrana prostredia životného |
| 610 | 2 | 0 | |a problémy globálne |
| 100 | 1 | |a David, Dominique | |